القانون التجاري - الشركات : (رقم التسجيلة. 111378)

تفاصيل مارك
000 -الفاتح
عناصر البيانات ثابتة الطول 00739cam a2200193 i 4500
005 - تاريخ ووقت آخر معاملة
حقل ضبط 20260126101657.0
008 - عناصر البيانات ثابتة الطول
عناصر البيانات ثابتة الطول 250721s2008 jo gr 000 0 ara d
082 14 - رقم تصنيف ديوي العشري
رقم التصنيف 346.07
رقم المادة ي ا م
100 1# - مدخل رئيسي – اسم شخصي
الاسم الشخصي ياملكي، أكرم
علاقة الشخص بالعمل/ دوره مؤلف.
245 12 - بيان العنوان
العنوان القانون التجاري - الشركات :
بقية العنوان دراسة مقارنة /
بيان المسؤولية الاستاذ الدكتور أكرم باملكي.
250 ## - بيان الطبعة
بيان الطبعة الطبعة الثانية.
264 31 - بيانات النشر، التوزيع…إلخ
مكان النشر، التوزيع...إلخ عمان :
اسم الناشر، الموزع...إلخ دار الثقافة للنشر و التوزيع،
تاريخ النشر، التوزيع...إلخ 2008.
300 ## - الوصف المادي
عدد الوحدات المكونة للوعاء 511 صفحة.
650 17 - مدخل إضافي بالموضوع - مصطلح موضوعي
مصطلح موضوعي أو اسم جغرافي كعنصر مدخل القانون التجاري.
650 17 - مدخل إضافي بالموضوع - مصطلح موضوعي
مصطلح موضوعي أو اسم جغرافي كعنصر مدخل الاعمال التجاريه.
650 17 - مدخل إضافي بالموضوع - مصطلح موضوعي
مصطلح موضوعي أو اسم جغرافي كعنصر مدخل قانون الشركات.
942 ## - بيانات إضافية (كوها)
نوع التنصيف Dewey Decimal Classification
نوع المادة (كوها) كتب
المقتنيات
حالة السحب حالة الفقدان مصدر التصنيف حالة التلف غير قابل للإعارة المكتبة الرئيسية المكتبة الحالية موقع الرف تاريخ التزويد الرقم المتسلسل Total Checkouts رقم الإستدعاء الباركود تاريخ آخر ظهور تاريخ الفاتورة نوع المادة (كوها)
    Dewey Decimal Classification   Not For Loan المكتبة المركزية المكتبة المركزية مقتنيات قسم التزويد 28/07/2025 1175089   346.07/يام 1175089 28/07/2025 28/07/2025 كتب
    Dewey Decimal Classification   Not For Loan المكتبة المركزية المكتبة المركزية مقتنيات قسم التزويد 28/07/2025 1175090   346.07/يام 1175090 28/07/2025 28/07/2025 كتب
    Dewey Decimal Classification     المكتبة المركزية المكتبة المركزية الإعارة 08/09/2016 1628331   346.07 / ي ا م PLD00395366 28/07/2025 08/09/2016 كتب
    Dewey Decimal Classification     المكتبة المركزية المكتبة المركزية مقتنيات قسم التزويد 28/07/2025 1729809   346.07/يام   28/07/2025 28/07/2025 كتب
    Dewey Decimal Classification     مكتبة أبو علندا العامة مكتبة أبو علندا العامة الإعارة 28/07/2025 1175099   346.07/يام 1175099 28/07/2025 28/07/2025 كتب
    Dewey Decimal Classification     مكتبة أم قصير والمقابلين العامة مكتبة أم قصير والمقابلين العامة الإعارة 28/07/2025 1175098   346.07/يام 1175098 28/07/2025 28/07/2025 كتب
    Dewey Decimal Classification     مكتبة الأميرة ايمان العامة مكتبة الأميرة ايمان العامة الإعارة 28/07/2025 1175091   346.07/يام 1175091 28/07/2025 28/07/2025 كتب
    Dewey Decimal Classification     مكتبة الاميرة بديعة مكتبة الاميرة بديعة الإعارة 28/07/2025 1175094   346.07/يام 1175094 28/07/2025 28/07/2025 كتب
    Dewey Decimal Classification     مكتبة البراعم الواعدة مكتبة البراعم الواعدة الإعارة 11/07/2015 1473859   346.07/يام PLD00337255 28/07/2025 11/07/2015 كتب
    Dewey Decimal Classification     مكتبة الجويدة مكتبة الجويدة الإعارة 28/07/2025 1175095   346.07/يام 1175095 28/07/2025 28/07/2025 كتب
    Dewey Decimal Classification     مكتبة النصر العامة مكتبة النصر العامة الإعارة 28/07/2025 1175101   346.07/يام 1175101 28/07/2025 28/07/2025 كتب
    Dewey Decimal Classification     مكتبة حمزة العامة مكتبة حمزة العامة الإعارة 28/07/2025 1175096   346.07/يام 1175096 28/07/2025 28/07/2025 كتب
    Dewey Decimal Classification     مكتبة صويلح العامة مكتبة صويلح العامة الإعارة 28/07/2025 1175092   346.07/يام 1175092 28/07/2025 28/07/2025 كتب
    Dewey Decimal Classification     مكتبة وادي السير العامة مكتبة وادي السير العامة الإعارة 28/07/2025 1175100   346.07/يام 1175100 28/07/2025 28/07/2025 كتب
Implemented & Customized by: BBB with SCIT (Smart Chains for Information Technology)

Powered by Koha